Exact Solutions of Einstein's Field Equations /

Guardado en:
Detalles Bibliográficos
Otros autores: Stephani, Hans (autor) (autor)
Formato: Libro
Idioma:Inglés
Publicado: Cambridge, Inglaterra : Cambridge University, 2003, c2003
Edición:2a edición
Colección:(Cambridge Monographs on Mathematical Physics)
Temas:
Etiquetas: Agrega una etiqueta
Sin etiquetas, Sé el primero en etiquetar este registro!

MARC

LEADER 00000nam^a2200000^a^4500
001 000179073
005 20250521000000.0
009 20260526130052.887
020 |a 0-521-46136-7 
037 |a Acervo ITESO - Biblioteca 
041 |a ING 
082 |a 530. 11  |b EXA 
245 0 0 |a Exact Solutions of Einstein's Field Equations /  |c H. Stephani... [et al.]. 
250 |a 2a edición 
264 4 |a Cambridge, Inglaterra :  |b Cambridge University,  |c 2003, c2003 
300 |a XXIX, 701 p. 
336 |a texto  |b txt  |2 rdacontenido 
337 |a sin mediación  |b n  |2 rdamedio 
338 |a volumen  |b nc  |2 rdasoporte 
440 1 |a (Cambridge Monographs on Mathematical Physics) 
649 |a XX 
650 |a Relatividad (Física) 
650 |a Gravitación 
650 |a Campos Gravitatorios 
650 |a Campos Vectoriales 
650 |a Teoría de Campos (Física) 
650 |a Espacio y Tiempo 
650 |a Geometría Diferencial 
650 |a Geometría Riemanniana 
650 |a Geometría del Espacio 
650 |a Funciones Simétricas 
650 |a Grupos -  |x Teoría 
650 |a Algebra Lineal 
650 |a Física Matemática 
650 |a Física -  |x Teoría 
700 |a Stephani, Hans  |e (autor) 
910 |a Fondo General 
920 |a Impresos - Libros 
930 |a Colección General 
905 |a 101 
901 |a 0500117964  |b IT1  |c ACC  |u 20250521 
902 |a https://opac.biblio.iteso.mx/vufind/Record/000179073